[Event "Tourney For The New Year"]
[Site "SchemingMind.com"]
[Date "2022.01.07"]
[Round "-"]
[White "Mitch The Man"]
[Black "pehe"]
[Result "1/2-1/2"]
[WhiteCountry "USA"]
[BlackCountry "CAN"]
[WhiteElo "1289"]
[WhiteRD "62"]
[BlackElo "1423"]
[BlackRD "60"]
[GameID "719294"]

1. e4 e5 2. Nf3 f6 3. Bc4 Nh6 4. O-O Bc5 5. Nh4 c6 6. Nf5 Nxf5 7. exf5 d5 8. Be2 Bxf5 9. d3 O-O 10. Be3 Bxe3
11. fxe3 Qb6 12. Qc1 Nd7 13. Rxf5 g6 14. Rf1 d4 15. e4 a5 16. Na3 Qc5 17. Nb1 Qe7 18. a3 a4 19. Qh6 Kh8 20. Nd2 Rf7
21. Qh3 Raf8 22. Nf3 Kg7 23. Rf2 f5 24. Raf1 fxe4 25. dxe4 Nc5 26. Bc4 Nxe4 27. Bxf7 Nxf2 28. Rxf2 Rxf7 29. Nd2 Rxf2 30. Kxf2 Qf7+
31. Kg1 Qa2 32. Qd7+ Kh6 33. Qh3+ Kg7 34. Qd7+ Kh6 35. Qh3+ Kg7 36. Qd7+
1/2-1/2

[Event "Tourney For The New Year"]
[Site "SchemingMind.com"]
[Date "2022.01.07"]
[Round "-"]
[White "pehe"]
[Black "Mitch The Man"]
[Result "1-0"]
[WhiteCountry "CAN"]
[BlackCountry "USA"]
[WhiteElo "1423"]
[WhiteRD "60"]
[BlackElo "1289"]
[BlackRD "62"]
[GameID "719295"]

1. e4 e5 2. d4 f6 3. dxe5 Be7 4. Qg4 Bf8 5. exf6 Qxf6 6. Bd2 Bd6 7. Bc3 Be5 8. Bxe5 Qxe5 9. Nc3 Nc6 10. Nf3 Qf6
11. Qf5 Qxf5 12. exf5 Nf6 13. O-O-O O-O 14. Bc4+ Kh8 15. Nd5 Nxd5 16. Bxd5 Rxf5 17. c4 d6 18. Rhe1 Bd7 19. Bxc6 Bxc6 20. Nd4 Rf7
21. Nxc6 bxc6 22. b3 c5 23. f3 a5 24. Kb2 h6 25. Ka3 Kh7 26. Re4 h5 27. h4 g6 28. Rde1 Kg7 29. Re7 Rxe7 30. Rxe7+ Kh6
31. Rxc7
1-0

[Event "Tourney For The New Year"]
[Site "SchemingMind.com"]
[Date "2022.01.07"]
[Round "-"]
[White "piper"]
[Black "pehe"]
[Result "0-1"]
[WhiteCountry "USA"]
[BlackCountry "CAN"]
[WhiteElo "1275"]
[WhiteRD "56"]
[BlackElo "1423"]
[BlackRD "60"]
[GameID "719296"]

1. e4 e5 2. Nf3 d5 3. exd5 Qxd5 4. Be2 Bg4 5. O-O f6 6. Re1 h5 7. d4 exd4 8. Qxd4 Qxd4 9. Nxd4 Bxe2 10. Rxe2+ Kf7
11. Ne6 Bd6 12. Bf4 Nc6 13. Bxd6 cxd6 14. Nc3 Nh6 15. Rd1 Nf5 16. Nb5 h4 17. h3 Ne5 18. Nxd6+ Kxe6 19. Nxf5 Kxf5 20. b3 Rad8
21. Red2 Rxd2 22. Rxd2 a6 23. a4 g5 24. c4 g4 25. hxg4+ Nxg4 26. Rd3 Ne5 27. Rd5 h3 28. g3 h2+ 29. Kh1 Rh6 30. c5 Ke6
31. Rd6+ Ke7 32. Rb6 Kd8 33. Rxb7 Ng4 34. Rb6 Nxf2+ 35. Kg2 h1=Q+
0-1

[Event "Tourney For The New Year"]
[Site "SchemingMind.com"]
[Date "2022.01.07"]
[Round "-"]
[White "pehe"]
[Black "piper"]
[Result "1-0"]
[WhiteCountry "CAN"]
[BlackCountry "USA"]
[WhiteElo "1423"]
[WhiteRD "60"]
[BlackElo "1275"]
[BlackRD "56"]
[GameID "719297"]

1. e4 e5 2. Bc4 Bc5 3. Qh5 g6 4. Qxe5+ Qe7 5. Qxh8 Qf8 6. Qe5+ Kd8 7. d4 d6 8. Qg5+ f6 9. Qe3 Bb6 10. Bxg8 Qxg8
11. c3 Bd7 12. Ne2 Nc6 13. Na3 Ba5 14. b4 Bb6 15. h3 Qe8 16. Ng3 f5 17. exf5 Qxe3+ 18. Bxe3 gxf5 19. Bg5+ Ne7 20. f4 a5
21. Nc4 axb4 22. Nxb6 cxb6 23. cxb4 Be6 24. Bxe7+ Kxe7 25. O-O Ra4 26. a3 Bc4 27. Rfe1+ Kf6 28. Re3 Ra8 29. Rc1 d5 30. Rce1 Rd8
31. Re6+ Kf7 32. Nxf5 Bb5 33. Rxb6 Bc6 34. Re7+ Kg8 35. Nh6+ Kf8 36. Rxh7 Ke8 37. b5 Rd7 38. bxc6 bxc6 39. Rh8+ Ke7 40. Rxc6
1-0

[Event "Tourney For The New Year"]
[Site "SchemingMind.com"]
[Date "2022.01.07"]
[Round "-"]
[White "Sire"]
[Black "pehe"]
[Result "1-0"]
[WhiteCountry "AUS"]
[BlackCountry "CAN"]
[WhiteElo "1437"]
[WhiteRD "66"]
[BlackElo "1423"]
[BlackRD "60"]
[GameID "719298"]

1. e4 e5 2. Qh5 d6 3. Bc4 Qf6 4. d3 c6 5. Bg5 Qg6 6. Qxg6 hxg6 7. Nf3 Bg4 8. Nfd2 b5 9. Bb3 Nd7 10. f3 Be6
11. Bxe6 fxe6 12. Nc3 Rh5 13. Be3 d5 14. Bf2 d4 15. Ne2 Bb4 16. Ng3 Bxd2+ 17. Kxd2 Nc5 18. Nxh5 gxh5 19. Bg3 Nd7 20. f4 exf4
21. Bxf4 O-O-O 22. Raf1 e5 23. Bg5 Rf8 24. Rxf8+ Nxf8 25. Rf1 Ne6 26. Bh4 Nf4 27. g3 Ng6 28. Bg5 a5 29. Rf7 N8e7 30. Bxe7 Nxe7
31. Rxe7 c5 32. Rxg7 c4 33. Rg5 c3+ 34. bxc3 dxc3+ 35. Kxc3 Kd7 36. Rxe5 b4+ 37. Kb3
1-0

[Event "Tourney For The New Year"]
[Site "SchemingMind.com"]
[Date "2022.01.07"]
[Round "-"]
[White "pehe"]
[Black "Sire"]
[Result "1-0"]
[WhiteCountry "CAN"]
[BlackCountry "AUS"]
[WhiteElo "1423"]
[WhiteRD "60"]
[BlackElo "1437"]
[BlackRD "66"]
[GameID "719299"]

1. e4 e5 2. d4 Qf6 3. c3 Nc6 4. Qh5 g6 5. Qf3 Qxf3 6. Nxf3 Bg7 7. dxe5 Bxe5 8. Nxe5 Nxe5 9. Bf4 d6 10. Nd2 Ng4
11. h3 N4f6 12. f3 Nh5 13. Bg5 f6 14. Bh4 g5 15. Bf2 Ne7 16. O-O-O Be6 17. h4 Nf4 18. Bd4 Rf8 19. hxg5 fxg5 20. Rxh7 b6
21. Rh8 Bg8 22. Nc4 O-O-O 23. Be3 d5 24. exd5 Bxd5 25. Rxf8 Rxf8 26. Bxf4 Rxf4 27. Ne3 Bxa2 28. Ba6+
1-0

[Event "Tourney For The New Year"]
[Site "SchemingMind.com"]
[Date "2022.01.07"]
[Round "-"]
[White "ray winteringham"]
[Black "pehe"]
[Result "1-0"]
[WhiteCountry "ENG"]
[BlackCountry "CAN"]
[WhiteElo "1457"]
[WhiteRD "49"]
[BlackElo "1423"]
[BlackRD "60"]
[GameID "719301"]

1. g3 e5 2. e4 Bc5 3. Bg2 Qf6 4. Nf3 Nh6 5. O-O Ng4 6. d3 d6 7. Nc3 Nc6 8. Bg5 Qe6 9. Nd5 Bb6 10. h3 Nxf2
11. Rxf2 Bxf2+ 12. Kxf2 Qd7 13. Nh4 f6 14. Be3 Rf8 15. Qh5+ Kd8 16. Qxh7 Ne7 17. Nxe7 Qxe7 18. Nf5 Qf7 19. d4 Bxf5 20. Qxf5 Qd7
21. Qxd7+ Kxd7 22. d5 c5 23. c4 a5 24. h4 b5 25. cxb5 a4 26. Bf1 Kc7 27. a3 g5 28. h5 g4 29. Be2 f5 30. Kg2 fxe4
31. Bxg4 Kb6 32. Be2 Rf6 33. g4 Rh8 34. Rf1 Rxf1 35. Kxf1 Kc7 36. g5
1-0

[Event "Tourney For The New Year"]
[Site "SchemingMind.com"]
[Date "2022.01.07"]
[Round "-"]
[White "pehe"]
[Black "albert0750"]
[Result "0-1"]
[WhiteCountry "CAN"]
[BlackCountry "POL"]
[WhiteElo "1423"]
[WhiteRD "60"]
[BlackElo "1529"]
[BlackRD "89"]
[GameID "719304"]

1. e4 e5 2. d4 exd4 3. Qxd4 Nc6 4. Qc4 d6 5. Nc3 Be6 6. Qd3 Nf6 7. Bg5 Be7 8. Bxf6 Bxf6 9. h4 Bxh4 10. g3 Bf6
11. Bh3 Ne5 12. Qb5+ Qd7 13. Qxb7 O-O 14. Bxe6 fxe6 15. O-O-O Rfb8 16. Qa6 Rb6 17. Qe2 Rab8 18. b3 Nc6 19. Qh5 h6 20. Kb2 Qf7
21. Qxf7+ Kxf7 22. Nf3 a5 23. g4 Ne5 24. Nxe5+ Bxe5 25. Rd3 a4 26. Rh5 axb3 27. axb3 Rc6 28. g5 Kg6 29. Rdh3 hxg5 30. Rh8 Rxh8
31. Rxh8 Rxc3 32. Re8 Kf7 33. Rc8 c5 34. Rh8 Rh3+
0-1

[Event "Tourney For The New Year"]
[Site "SchemingMind.com"]
[Date "2022.01.07"]
[Round "-"]
[White "albert0750"]
[Black "pehe"]
[Result "1-0"]
[WhiteCountry "POL"]
[BlackCountry "CAN"]
[WhiteElo "1529"]
[WhiteRD "89"]
[BlackElo "1423"]
[BlackRD "60"]
[GameID "719305"]

1. e4 e5 2. f4 exf4 3. Nf3 d5 4. exd5 Qxd5 5. Nc3 Qh5 6. Be2 Bg4 7. O-O Bc5+ 8. d4 Bd6 9. Nb5 Nd7 10. Nxd6+ cxd6
11. Bxf4 Qd5 12. c4 Qh5 13. h3 Bxf3 14. Bxf3 Qa5 15. Re1+ Ne7 16. Bxd6 O-O 17. Bxe7 Rfe8 18. b4 Qf5 19. Bg4 Qg6 20. Bxd7 f6
21. Bxe8 Rxe8 22. Bd6 Rxe1+ 23. Qxe1 h6 24. Qe6+ Kh7 25. Re1 Qd3 26. Qe4+ Qxe4 27. Rxe4 g5 28. Re7+ Kg6 29. Rxb7 f5 30. a4
1-0

[Event "Tourney For The New Year"]
[Site "SchemingMind.com"]
[Date "2022.01.08"]
[Round "-"]
[White "Mitch The Man"]
[Black "Bluto"]
[Result "1-0"]
[WhiteCountry "USA"]
[BlackCountry "CAN"]
[WhiteElo "1317"]
[WhiteRD "68"]
[BlackElo "1146"]
[BlackRD "67"]
[GameID "719381"]

1. e4 e5 2. Nf3 Bd6 3. Bc4 Qf6 4. O-O Ne7 5. Bd3 Ng6 6. Bc4 Nf4 7. d3 Nc6 8. Bxf4 exf4 9. c3 Na5 10. e5 Bxe5
11. Bd5 c6 12. Nxe5 cxd5 13. Nf3 O-O 14. Qe1 b6 15. Nbd2 d6 16. Kh1 Bg4 17. Ng1 d4 18. Ne4 Qf5 19. c4 Kh8 20. f3 Nb7
21. fxg4 Qxg4 22. h3 Qh5 23. Qf2 f5 24. Nd2 Nc5 25. Qxf4 Rf6 26. Rf3 Re8 27. b3 Rd8 28. Re1 Ne6 29. Qg3 Qh6 30. Re2 f4
31. Qh2 Qg6 32. Ne4 Rf5 33. Ref2 Re5 34. b4 d5 35. cxd5 Rdxd5 36. a4 Qh6 37. Ne2 g5 38. g4 a5 39. b5 Nc5 40. Nxc5 Rxc5
41. Nxd4 Qd6 42. Nf5 Qd5 43. Qg1 Rc3 44. Qd1 Rc7 45. Kg1 h5 46. d4 Re6 47. Kg2 hxg4 48. hxg4 Kg8 49. Re2 Rf6 50. Re8+ Kh7
51. Qh1+ Kg6 52. Qh6+ Kf7 53. Qh5+ Rg6 54. Re2 Rc8 55. Qh7+ Kf6 56. Qe7#
1-0

[Event "Tourney For The New Year"]
[Site "SchemingMind.com"]
[Date "2022.01.08"]
[Round "-"]
[White "Bluto"]
[Black "Mitch The Man"]
[Result "1-0"]
[WhiteCountry "CAN"]
[BlackCountry "USA"]
[WhiteElo "1160"]
[WhiteRD "71"]
[BlackElo "1289"]
[BlackRD "62"]
[GameID "719382"]

1. e4 e5 2. a3 Bd6 3. d4 Nf6 4. Bg5 O-O 5. f3 Qe8 6. Bxf6 gxf6 7. f4 exf4 8. Bd3 Kh8 9. e5 fxe5 10. Qh5 Rg8
11. Qxh7#
1-0

[Event "Tourney For The New Year"]
[Site "SchemingMind.com"]
[Date "2022.01.08"]
[Round "-"]
[White "piper"]
[Black "Bluto"]
[Result "1-0"]
[WhiteCountry "USA"]
[BlackCountry "CAN"]
[WhiteElo "1262"]
[WhiteRD "56"]
[BlackElo "1146"]
[BlackRD "67"]
[GameID "719383"]

1. e4 e5 2. Nf3 a6 3. Nxe5 Qe7 4. d4 d6 5. Nf3 Bg4 6. Be2 b5 7. O-O h5 8. b4 Nd7 9. Bg5 Qxe4 10. Re1 Rc8
11. Nh4 Bh3 12. Bf3 Qxe1+ 13. Qxe1+ Be7 14. Bxe7 Be6 15. Bg5 Ne7 16. Bxe7 Kxe7 17. d5 Nf8 18. Nf5+ Kf6 19. dxe6 fxe6 20. Qc3+ Kxf5
21. Qxg7 Ng6 22. Qf7+ Kg5 23. Qxe6 Kh6 24. Nc3 Rce8 25. Qh3 Re7 26. Bxh5 Nf4 27. Qh4 Rhe8 28. Qxf4+ Kxh5 29. g3 Re5 30. g4+ Kh4
31. Ne4 Rxe4 32. Qg3+ Kg5 33. a3 Rxg4 34. Kf1 Rxg3 35. hxg3 Kg4 36. Re1 Rxe1+ 37. Kxe1 d5 38. c3 Kf5 39. Ke2 Ke4 40. Kd2 d4
41. cxd4 Kxd4 42. f4 Ke4 43. Ke2 c6 44. g4 Kxf4 45. Kd3 Kxg4 46. Kd4 Kf5 47. Kc5 Ke5 48. Kxc6 Kd4 49. Kb6 Kc4 50. Kxa6 Kb3
51. Kxb5 Kxa3 52. Ka5 Kb3 53. b5 Kc4 54. b6 Kc5 55. Ka6 Kc6 56. b7 Kc7 57. Ka7 Kd8 58. b8=Q+
1-0

[Event "Tourney For The New Year"]
[Site "SchemingMind.com"]
[Date "2022.01.08"]
[Round "-"]
[White "Bluto"]
[Black "piper"]
[Result "0-1"]
[WhiteCountry "CAN"]
[BlackCountry "USA"]
[WhiteElo "1146"]
[WhiteRD "67"]
[BlackElo "1262"]
[BlackRD "56"]
[GameID "719384"]

1. e4 e5 2. a3 Be7 3. Nc3 Nf6 4. Be2 O-O 5. Nd5 Nxd5 6. exd5 c6 7. dxc6 dxc6 8. b4 c5 9. Nh3 Bxh3 10. gxh3 cxb4
11. d3 a5 12. Bd2 Nc6 13. Qc1 Nd4 14. Bh5 b3 15. h4 Qb6 16. Rb1 Nf3+ 17. Kf1 Nxd2+ 18. Qxd2 Rac8 19. Rxb3 Qc6 20. Rg1 h6
21. d4 Rfd8 22. Rbg3 Bf6 23. Qxh6 Kf8 24. Qc1 g6 25. Bxg6 fxg6 26. Qh6+ Ke7 27. f4 Kd6 28. fxe5+ Kd5 29. Qxg6 Bxh4 30. Rg4 Qxg6
31. Rxg6 Rxc2 32. R1g4 Rc1+ 33. Kg2 Rc2+ 34. Kf3 Be7 35. e6 Rc3+ 36. Kf4 Rf8+ 37. Rf6 Rxf6+ 38. Kg5 Rd3 39. h4 Rxe6+ 40. Kh5 Rxd4
41. Rxd4+ Kxd4 42. Kg4 Re4+ 43. Kh5 Rxh4+ 44. Kg6 Bxa3 45. Kg5 Rh1 46. Kf5 Re1 47. Kf4 b5 48. Kf3 b4 49. Kf2 Re3 50. Kf1 b3
0-1

[Event "Tourney For The New Year"]
[Site "SchemingMind.com"]
[Date "2022.01.08"]
[Round "-"]
[White "Bluto"]
[Black "Sire"]
[Result "0-1"]
[WhiteCountry "CAN"]
[BlackCountry "AUS"]
[WhiteElo "1160"]
[WhiteRD "71"]
[BlackElo "1437"]
[BlackRD "66"]
[GameID "719386"]

1. e4 b6 2. c4 Bb7 3. Qf3 Nf6 4. Bd3 Nc6 5. Ne2 Ne5 6. Qh3 d6 7. f4 Bc8 8. Qg3 Nh5 9. Qh4 Nxd3+ 10. Kf1 g6
11. Na3 Bg7 12. g4 Nf6 13. Ng3 Nxg4 14. h3 Bf6 15. Qxg4 Bxg4 16. hxg4 Nxf4 17. d4 Nd3 18. Bh6 Bxd4 19. Rd1 Nxb2 20. Rxd4 Qd7
21. Ke2 Qa4 22. Nb5 O-O-O 23. Rd2 Qxc4+ 24. Kf2 Qxb5 25. Kg2 Nc4 26. Re2 d5 27. Rh2 Ne5 28. Bg7 Rhg8 29. Bxe5 f6 30. Bb2 d4
31. g5 d3 32. Rd2 Qb4 33. Kf3 fxg5 34. Rhf2 h5 35. Ba1 g4+ 36. Ke3 Qc5+ 37. Bd4 Qxd4+ 38. Kf4 Rdf8+ 39. Kg5 Rxf2 40. Rxf2 Qxf2
41. Nxh5 d2 42. Nf4 Qc5+ 43. Kh4 Rh8+ 44. Kxg4 d1=Q+ 45. Kg3 Qc3+ 46. Kg2 Qdd2+ 47. Kg1 Qcc1#
0-1

[Event "Tourney For The New Year"]
[Site "SchemingMind.com"]
[Date "2022.01.09"]
[Round "-"]
[White "pehe"]
[Black "Bluto"]
[Result "1-0"]
[WhiteCountry "CAN"]
[BlackCountry "CAN"]
[WhiteElo "1423"]
[WhiteRD "60"]
[BlackElo "1160"]
[BlackRD "71"]
[GameID "719387"]

1. e4 e5 2. d4 d5 3. dxe5 Be6 4. Qf3 d4 5. Bd2 c5 6. Bb5+ Nc6 7. h4 h6 8. b3 Be7 9. Bxc6+ bxc6 10. Na3 Qd7
11. Qg3 h5 12. Qxg7 Bf6 13. exf6 Rh6 14. Bxh6 Nxh6 15. Qxh6 O-O-O 16. Qxh5 d3 17. c4 Qd4 18. Qd1 Qxe4+ 19. Kd2 Qf4+ 20. Kc3 Qd4+
21. Kd2 Qf4+ 22. Ke1 d2+ 23. Kf1 Bf5 24. Nf3 Bg4 25. Qe2 Bxf3 26. gxf3 Rd4 27. Nc2 Rd6 28. Ne3 Qxf6 29. Rd1 Qb2 30. h5 Qxa2
31. h6 Qb2 32. h7 Rd8 33. Rxd2 Rxd2 34. h8=Q+ Kb7 35. Qxb2 Rxb2 36. Qxb2 a5 37. Rh7 Ka6 38. Rxf7 Kb6 39. Qg7 a4 40. Ra7 axb3
41. Qb7#
1-0

[Event "Tourney For The New Year"]
[Site "SchemingMind.com"]
[Date "2022.01.09"]
[Round "-"]
[White "Bluto"]
[Black "pehe"]
[Result "0-1"]
[WhiteCountry "CAN"]
[BlackCountry "CAN"]
[WhiteElo "1160"]
[WhiteRD "71"]
[BlackElo "1423"]
[BlackRD "60"]
[GameID "719388"]

1. e4 e5 2. c3 d5 3. d4 dxe4 4. d5 Bc5 5. Be3 Bxe3 6. fxe3 Nf6 7. c4 Bg4 8. Qa4+ Nfd7 9. Nc3 O-O 10. Nxe4 Nb6
11. Qc2 Qe7 12. Ne2 Bxe2 13. Bxe2 c5 14. d6 Qh4+ 15. Ng3 Na6 16. O-O-O Nb4 17. Qb1 Nxc4 18. Nf5 Qf2 19. Rd2 Nxd2 20. Ne7+ Kh8
21. Kxd2 Rad8 22. Nd5 Rxd6 23. e4 Nxd5 24. Qd3 c4 25. Qc2 Nb4+ 26. Kc3 Nxc2 27. Bxc4 Rc8 28. Rf1 Qd2+ 29. Kb3 Rxc4 30. a4 Qd3+
31. Ka2 Qxf1 32. Kb3 Ne3 33. a5 Qa1 34. h4 Qa4#
0-1

[Event "Tourney For The New Year"]
[Site "SchemingMind.com"]
[Date "2022.01.08"]
[Round "-"]
[White "Bluto"]
[Black "ray winteringham"]
[Result "0-1"]
[WhiteCountry "CAN"]
[BlackCountry "ENG"]
[WhiteElo "1160"]
[WhiteRD "71"]
[BlackElo "1457"]
[BlackRD "49"]
[GameID "719389"]

1. e4 e5 2. c3 Nf6 3. Bc4 Bc5 4. Qb3 O-O 5. Nh3 d6 6. f3 Bxh3 7. gxh3 Bb6 8. d4 Nbd7 9. h4 Nh5 10. Rg1 Qxh4+
11. Kd1 Qf2 12. Re1 Qxf3+ 13. Be2 Qh3 14. Rg1 Qxh2 15. Be3 Nf4 16. Bg4 Ng2 17. Bf2 Nh4 18. Qc2 Nf6 19. dxe5 Nxg4 20. Qe2 Nxf2+
21. Kc2 Qxg1 22. a4 dxe5 23. Ra3 Qg2 24. Kb3 Rad8 25. Nd2 Qg6 26. Qxf2 Bxf2 27. Nc4 Qxe4 28. a5 Bc5 29. Ra4 Qc6 30. Nxe5 Qb5+
31. Rb4 Bxb4 32. cxb4 Qxe5 33. Ka4 Qxb2 34. Kb5 a6+ 35. Kc5 Qc3#
0-1

[Event "Tourney For The New Year"]
[Site "SchemingMind.com"]
[Date "2022.01.08"]
[Round "-"]
[White "ray winteringham"]
[Black "Bluto"]
[Result "1-0"]
[WhiteCountry "ENG"]
[BlackCountry "CAN"]
[WhiteElo "1457"]
[WhiteRD "49"]
[BlackElo "1160"]
[BlackRD "71"]
[GameID "719390"]

1. e4 e5 2. Nf3 Bd6 3. Be2 a6 4. O-O Nf6 5. d3 Ng4 6. h3 Nxf2 7. Rxf2 Bc5 8. d4 h6 9. dxc5 Nc6 10. Bd2 f6
11. Nc3 d6 12. Nd5 g5 13. Nh2 Be6 14. Nxf6+ Ke7 15. Nd5+ Bxd5 16. exd5 Nd4 17. Bh5 dxc5 18. Ng4 Qxd5 19. Nxh6 Nf5 20. Bxg5+ Ke6
21. Bf7+ Kd6 22. Qxd5#
1-0

[Event "Tourney For The New Year"]
[Site "SchemingMind.com"]
[Date "2022.01.08"]
[Round "-"]
[White "Bluto"]
[Black "albert0750"]
[Result "0-1"]
[WhiteCountry "CAN"]
[BlackCountry "POL"]
[WhiteElo "1146"]
[WhiteRD "67"]
[BlackElo "1566"]
[BlackRD "86"]
[GameID "719393"]

1. e4 e5 2. a3 Nf6 3. h3 Nc6 4. f3 Bc5 5. c3 d5 6. b4 Bb6 7. g3 dxe4 8. b5 Na5 9. Qa4 exf3 10. Nxf3 O-O
11. Bd3 Qxd3 12. Qh4 Qxf3 13. Rf1 Qe4+ 14. Kd1 Qxh4 15. gxh4 Bxh3 16. Rxf6 gxf6 17. d3 Nb3 18. Ra2 Nxc1 19. Kxc1 a6 20. c4 Be6
21. Rg2+ Kh8 22. Nd2 axb5 23. h5 bxc4 24. h6 Rxa3 25. Nxc4 Bxc4 26. dxc4 Rc3+ 27. Kb2 Bd4 28. Rg1 Rg3+ 29. Kc2 Rxg1 30. Kb3 Rg3+
31. Kb4 c5+ 32. Kb5 Rb3+ 33. Ka4 Rb4+ 34. Ka5 Ra8#
0-1

[Event "Tourney For The New Year"]
[Site "SchemingMind.com"]
[Date "2022.01.08"]
[Round "-"]
[White "albert0750"]
[Black "Bluto"]
[Result "1-0"]
[WhiteCountry "POL"]
[BlackCountry "CAN"]
[WhiteElo "1529"]
[WhiteRD "89"]
[BlackElo "1160"]
[BlackRD "71"]
[GameID "719394"]

1. e4 e5 2. f4 a6 3. Nf3 f6 4. fxe5 c5 5. exf6 Nxf6 6. Bc4 d5 7. exd5 Bg4 8. O-O Bd6 9. h3 Ne4 10. hxg4 O-O
11. d3 Ng5 12. Bxg5 Qd7 13. Nh2 Qe8 14. Rxf8+ Qxf8 15. Nc3 Bxh2+ 16. Kxh2 Qd6+ 17. Kh1 Nd7 18. Qe2 Qg6 19. Qe6+ Qxe6 20. dxe6 Ne5
21. Bf4 Nxg4 22. e7+ Kh8 23. Bf7 Nf6 24. Bg5 Rf8 25. exf8=Q+ Ng8 26. Qxg8#
1-0

[Event "Tourney For The New Year"]
[Site "SchemingMind.com"]
[Date "2022.01.09"]
[Round "-"]
[White "Mitch The Man"]
[Black "ClogViking"]
[Result "0-1"]
[WhiteCountry "USA"]
[BlackCountry "NOR"]
[WhiteElo "1289"]
[WhiteRD "62"]
[BlackElo "1700"]
[BlackRD "96"]
[GameID "719420"]

1. e4 d6 2. Bc4 Nf6 3. Bxf7+ Kxf7 4. Qe2 e5 5. Nf3 Bg4 6. Qe3 Bxf3 7. Qxf3 Be7 8. O-O Rf8 9. Qb3+ Ke8 10. d3 b6
11. Qb5+ Qd7 12. Qxd7+ Nbxd7 13. b4 h6 14. f3 Rf7 15. c4 Kf8 16. Nc3 Kg8 17. Nb5 c5 18. Nc7 Rc8 19. Ne6 Nf8 20. Nxf8 Rcxf8
21. b5 Nh5 22. Bd2 Bg5 23. Bxg5 hxg5 24. Rae1 Nf4 25. Re3 g4 26. g3 Nh3+ 27. Kg2 Ng5 28. f4 exf4 29. gxf4 Rxf4 30. Rxf4 Rxf4
31. Rg3 Nf7
0-1

[Event "Tourney For The New Year"]
[Site "SchemingMind.com"]
[Date "2022.01.09"]
[Round "-"]
[White "ClogViking"]
[Black "Mitch The Man"]
[Result "1-0"]
[WhiteCountry "NOR"]
[BlackCountry "USA"]
[WhiteElo "1700"]
[WhiteRD "96"]
[BlackElo "1289"]
[BlackRD "62"]
[GameID "719421"]

1. e4 e5 2. Bc4 Be7 3. d4 Bf6 4. dxe5 Bxe5 5. Nf3 Bf6 6. O-O Ne7 7. e5 Bh4 8. Nxh4 O-O 9. Nc3 h6 10. Bxh6 d6
11. Bf4 d5 12. Bd3 Ng6 13. Nxg6 fxg6 14. Bd2 Bf5 15. Ne2 Bxd3 16. cxd3 c5 17. Qb3 b6 18. Nf4 Kh7 19. Qxd5 Qxd5 20. Nxd5 Nc6
21. Bc3 Rac8 22. f4 b5 23. b3 Rfe8 24. Bb2 Re6 25. Nc3 Nd4 26. Rac1 b4 27. Na4 Ne2+ 28. Kh1 Nxc1 29. Rxc1 a5 30. Nxc5 Re7
31. d4 Kh6 32. g4
1-0

[Event "Tourney For The New Year"]
[Site "SchemingMind.com"]
[Date "2022.01.09"]
[Round "-"]
[White "piper"]
[Black "ClogViking"]
[Result "0-1"]
[WhiteCountry "USA"]
[BlackCountry "NOR"]
[WhiteElo "1275"]
[WhiteRD "56"]
[BlackElo "1700"]
[BlackRD "96"]
[GameID "719422"]

1. e4 d6 2. d4 Nf6 3. Nc3 Nbd7 4. e5 dxe5 5. dxe5 Nxe5 6. Qxd8+ Kxd8 7. b3 e6 8. Be2 c6 9. Nf3 Nxf3+ 10. gxf3 Bb4
11. Bd2 Nd5 12. Nxd5 Bxd2+ 13. Kxd2 exd5 14. Kc1 Kc7 15. Kb2 Bf5 16. Rae1 Rhe8 17. Rhg1 g6 18. Bd3 Bxd3 19. Rxe8 Rxe8 20. cxd3 Re2+
21. Ka3 Rxf2 22. Rg3 Rxh2 23. f4 Kd6 24. f5 c5 25. fxg6 hxg6 26. Re3 Rh8 27. Rf3 f5 28. Rf4 b5 29. d4 c4 30. bxc4 dxc4
31. Kb4 a6 32. a4 Kc6 33. a5 Re8 34. Rf1 Kd5 35. Rg1 Re6 36. Rd1 Re4 37. Rd2 g5 38. Kc3 g4 39. Rh2 Re3+ 40. Kb4 g3
41. Rh3 g2 42. Rxe3 g1=Q 43. Re5+ Kxd4 44. Rxf5 Qb1+
0-1

[Event "Tourney For The New Year"]
[Site "SchemingMind.com"]
[Date "2022.01.09"]
[Round "-"]
[White "ClogViking"]
[Black "piper"]
[Result "1-0"]
[WhiteCountry "NOR"]
[BlackCountry "USA"]
[WhiteElo "1700"]
[WhiteRD "96"]
[BlackElo "1275"]
[BlackRD "56"]
[GameID "719423"]

1. e4 e5 2. Bc4 Nf6 3. d4 exd4 4. Nf3 Nxe4 5. Qxd4 Nxf2 6. Bxf7+ Kxf7 7. Qd5+ Ke8 8. Kxf2 Qf6 9. Re1+ Be7 10. Bg5 Qf7
11. Rxe7+ Qxe7 12. Bxe7
1-0

[Event "Tourney For The New Year"]
[Site "SchemingMind.com"]
[Date "2022.01.09"]
[Round "-"]
[White "Sire"]
[Black "ClogViking"]
[Result "0-1"]
[WhiteCountry "AUS"]
[BlackCountry "NOR"]
[WhiteElo "1437"]
[WhiteRD "66"]
[BlackElo "1700"]
[BlackRD "96"]
[GameID "719424"]

1. e4 d6 2. Bc4 Nf6 3. Qf3 Nbd7 4. d3 e5 5. Bg5 Be7 6. Nh3 O-O 7. Qg3 Nh5 8. Qh4 Bxg5 9. Nxg5 Nhf6 10. Nd2 h6
11. Ngf3 Nb6 12. Bb3 Bd7 13. O-O Nh7 14. Qg3 Ng5 15. Nh4 Kh7 16. f4 exf4 17. Qxf4 Ne6 18. Qe3 Qxh4 19. e5 Qd4 20. Qxd4 Nxd4
21. Bxf7 dxe5 22. Ne4 Ne2+ 23. Kh1 Nf4 24. Bb3 Nbd5 25. Nc5 Bc6 26. g3 Ne3+ 27. Kg1 Nh3#
0-1

[Event "Tourney For The New Year"]
[Site "SchemingMind.com"]
[Date "2022.01.09"]
[Round "-"]
[White "ClogViking"]
[Black "Sire"]
[Result "1-0"]
[WhiteCountry "NOR"]
[BlackCountry "AUS"]
[WhiteElo "1700"]
[WhiteRD "96"]
[BlackElo "1437"]
[BlackRD "66"]
[GameID "719425"]

1. e4 e5 2. Bc4 Qh4 3. Nc3 Bc5 4. Qe2 d6 5. Nf3 Qg4 6. d3 Qh5 7. Nd5 Bb6 8. Nxb6 axb6 9. Be3 Bg4 10. O-O-O Nf6
11. h3 Bxf3 12. Qxf3 Qxf3 13. gxf3 Nbd7 14. f4 c6 15. fxe5 Nxe5 16. Bb3 Nf3 17. Bxb6 Ra6 18. Be3 O-O 19. h4 b5 20. Rh3 Ne5
21. Rg1 Nh5 22. Bh6 Ng6 23. Be3 Kh8 24. d4 f5 25. exf5 Rxf5 26. Rh2 d5 27. Bg5 Ra7 28. c3 Raf7 29. Bc2 Rxf2 30. Rxf2 Rxf2
31. Bxg6 hxg6 32. Re1 Ng3 33. Re8+ Kh7 34. Rc8 Rf1+ 35. Kc2 Rf2+ 36. Kb3 Ne4 37. Rxc6 Nd2+ 38. Bxd2 Rxd2 39. Rd6 Rh2 40. Rxd5 Rxh4
41. Rg5 Rh3 42. a4 bxa4+ 43. Kxa4 Kh6 44. Rg2 Rh4 45. b4 g5 46. b5 Rh1 47. Kb4 Kh5 48. Kc5 g4 49. b6 Rb1 50. d5 Kh4
51. d6
1-0

[Event "Tourney For The New Year"]
[Site "SchemingMind.com"]
[Date "2022.01.09"]
[Round "-"]
[White "pehe"]
[Black "ClogViking"]
[Result "0-1"]
[WhiteCountry "CAN"]
[BlackCountry "NOR"]
[WhiteElo "1423"]
[WhiteRD "60"]
[BlackElo "1700"]
[BlackRD "96"]
[GameID "719426"]

1. e4 d6 2. d4 Nf6 3. Qf3 Nbd7 4. Bc4 e5 5. dxe5 Nxe5 6. Qb3 Nxc4 7. Qxc4 Be6 8. Qd3 c6 9. Bg5 Be7 10. Nf3 h6
11. Bd2 Qc7 12. h3 g5 13. b3 O-O-O 14. Qe3 Kb8 15. h4 gxh4 16. Rxh4 Ng4 17. Qe2 Bxh4 18. Nxh4 Qe7 19. Nf3 Rhg8 20. Nc3 h5
21. O-O-O f6 22. Na4 d5 23. Bf4+ Ka8 24. exd5 Qa3+ 25. Kd2 Bxd5 26. Ke1 Qb4+ 27. Bd2 Qf8 28. Kf1 Bxf3 29. gxf3 Nh2+ 30. Ke1 Rg1+
31. Qf1 Rxf1+ 32. Ke2 Qe7+ 33. Be3 Rdxd1
0-1

[Event "Tourney For The New Year"]
[Site "SchemingMind.com"]
[Date "2022.01.09"]
[Round "-"]
[White "ClogViking"]
[Black "pehe"]
[Result "1-0"]
[WhiteCountry "NOR"]
[BlackCountry "CAN"]
[WhiteElo "1700"]
[WhiteRD "96"]
[BlackElo "1423"]
[BlackRD "60"]
[GameID "719427"]

1. e4 e5 2. Bc4 Qh4 3. Nc3 Bb4 4. Qe2 Bxc3 5. bxc3 Nf6 6. d3 d6 7. Nf3 Qg4 8. Be3 O-O 9. O-O-O Qd7 10. h3 c6
11. g4 b5 12. Bb3 a5 13. a4 Na6 14. g5 Nh5 15. Nxe5 dxe5 16. Qxh5 Qd6 17. Kd2 Be6 18. Bxe6 Qxe6 19. axb5 cxb5 20. Ra1 a4
21. Qf3 Rad8 22. h4 f5 23. gxf6 Rxf6 24. Qe2 h6 25. Rhg1 Rdf8 26. d4 Rd8 27. d5 Qd6 28. Qxb5 Rb8 29. Qxa4 Kh7 30. Rab1 Rxb1
31. Rxb1 Nc5 32. Qc4 Rf3 33. Qxc5 Qxc5 34. Bxc5 g5 35. hxg5 hxg5 36. Rg1 Kg6 37. Be3 Rf6 38. Rxg5+ Kh7 39. c4 Ra6 40. c5
1-0